| 000 | 00752nam a2200277 a 4500 | ||
|---|---|---|---|
| 003 | AR-BaBNM | ||
| 005 | 20251128205133.0 | ||
| 008 | 082120s2002 ||||||||||||||000 | spa|| | ||
| 040 | _cAR-BaBNM | ||
| 100 | 1 | _aBordeaux, Henry | |
| 245 | 0 | 0 |
_aUn precursor _bvida, muerte y supervivencia de San Luis, rey de Francia |
| 260 |
_aBuenos Aires _bEspasa-Calpe _c1951 |
||
| 300 |
_a389 p. _bil. |
||
| 504 | _aBibliografía p. 387-389 | ||
| 650 | 4 | _aBIOGRAFIAS | |
| 650 | 4 | _aHISTORIA MEDIEVAL | |
| 650 | 4 | _aHISTORIA EUROPEA | |
| 650 | 4 | _aHISTORIA DE LAS RELIGIONES | |
| 650 | 4 | _aHISTORIA POLITICA | |
| 651 | 4 | _aFrancia | |
| 653 | _aCRUZADAS | ||
| 655 | _aBIOGRAFIAS | ||
| 700 | 1 |
_aDorta, Antonio _etraductor |
|
| 942 | _cBK | ||
| 998 | _cEnrique | ||
| 999 |
_c10139 _d10139 |
||